000 00507nam a2200133Ia 4500
008 171212s9999 xx 000 0 und d
020 _a9780874214307
100 _aBelanoff, Pat
245 _cBelanoff, Pat
_aWriting With Elbow
260 _bUniversity Press of Colorado
_c2002
650 _aEnglish language -- Rhetoric -- Study and teaching; Report writing -- Study and teaching (Higher); Elbow, Peter -- Influence
650 _aLanguage & Literature
856 _uwww.jstor.org/stable/10.2307/j.ctt46nxbc
999 _c353207
_d353207